| 000 | 00458nam a2200157Ia 4500 | ||
|---|---|---|---|
| 008 | 230907s9999||||xx |||||||||||||| ||und|| | ||
| 082 |
_a621.31 _bANA |
||
| 100 |
_aAnam Javaid Kiani (00000276039) _9116716 |
||
| 245 | 0 | _aKinetic Analysis of LiFePO4 using GITT, EIS and CV / | |
| 260 |
_aUSPCAS-E, NUST, _bIslamabad : _c2022 |
||
| 300 | _axi, 58 p. | ||
| 520 | _aTH-385 | ||
| 650 | _aMS-EEP Thesis MS Thesis | ||
| 700 | _aDr Ghulam Ali | ||
| 942 |
_cTHE _2ddc |
||
| 999 |
_c602063 _d602063 |
||